Films latino-américains par images - Statistiques

Statistiques générales
  • Ce quiz a été pris 8 fois
  • Le résultat moyen est 2 sur 16
Statistiques - réponses
Par images Réponse % Correct
La Cité de Dieu
100%
Je suis toujours là
43%
La Montagne Sacrée
43%
Et… ta mère aussi
29%
Amours chiennes
14%
Los Olvidados
14%
Antonio das Mortes
0%
La Ciénaga
0%
La Flor
0%
Les neuf reines
0%
L'Étreinte du serpent
0%
L'Heure des brasiers
0%
Limite
0%
Mémoires du sous-développement
0%
Nostalgie de la lumière
0%
Trois tristes tigres
0%
Aucun quiz correspondant
Distribution des résultats
% des personnes avec chaque résultat
Percentile par nombre de réponses
Votre historique - résultats
Vous n’avez pas pris ce quiz